LEADER 01068nam2 2200385 450 001 990000985660203316 005 20040324144903.0 010 $a88-7078-075-9 035 $a0098566 035 $aUSA010098566 035 $a(ALEPH)000098566USA01 035 $a0098566 100 $a20020225d1989----km-y0itay0103----ba 101 $aita 102 $aIT 105 $a||||||||001yy 200 1 $aClinica$v2 210 $aMilano$cR. Cortina$d1989 215 $aXLI, 990 p.$d25 cm 461 1$10010098564$12001$aTrattato di psiconalisi 606 0 $aPsicanalisi$xStudi 676 $a150.195 702 1$aSEMI,$bAntonio Alberto 801 0$aIT$bsalbc$gISBD 912 $a990000985660203316 951 $aVI ps B COLL 103/5 II$b98450 LM$cVI ps B COLL 959 $aBK 969 $aUMA 979 $aPATTY$b90$c20020225$lUSA01$h1435 979 $aPATTY$b90$c20020225$lUSA01$h1437 979 $c20020403$lUSA01$h1740 979 $aPATRY$b90$c20040324$lUSA01$h1449 979 $aPATRY$b90$c20040406$lUSA01$h1708 996 $aClinica$9975439 997 $aUNISA LEADER 01406nam--2200421---450- 001 990002258100203316 005 20090702164909.0 035 $a000225810 035 $aUSA01000225810 035 $a(ALEPH)000225810USA01 035 $a000225810 100 $a20041210d1978----km-y0itay0103----ba 101 0 $aita 102 $aIT 105 $a||||||||001yy 200 1 $aCodice di procedura penale$econ le disposizioni di attuazione e regolamentari$eaggiornato con le decisioni della Corte costituzionale e con le leggi complementari al febbraio 1978$fa cura di Nicola Carulli 205 $a3. ed 210 $aNapoli$cJovene$d1978 215 $a475 p.$d16 cm 300 $aContiene: Appendice di aggiornamento al 19 maggio 1978 410 0$12001 454 1$12001 461 1$1001-------$12001 606 0 $aCodice di procedura civile 676 $a345 702 1$aCARULLI,$bNicola 710 02$aITALIA$0423419 801 0$aIT$bsalbc$gISBD 912 $a990002258100203316 951 $aXXVI.2.A 35 (Codex 103 )$b49827 G.$cXXVI.2.A 35 (Codex)$d00235644 951 $aXXVI.2.A 35a (Codex 103)$b49828 G.$cXXVI.2.A 35a (Codex)$d00235643 959 $aBK 969 $aGIU 979 $aSIAV5$b10$c20041210$lUSA01$h1524 979 $aRSIAV5$b90$c20090702$lUSA01$h1647 979 $aRSIAV5$b90$c20090702$lUSA01$h1649 996 $aCodice di procedura penale$9200118 997 $aUNISA